00542nam a22001817a 4500003000400000005001700004008004100021020001400062040000700076082001700083100002600100245004600126260002500172300000800197942001800205999001500223952012200238OSt20211004143411.0211004b |||||||| |||| 00| 0 eng d a052107231 cHU a301.44.4/aff adavid lockwwood99655 athe affuent worket in the class structure anew werkbhallc1969 a239 2ddccBOOKSn0 c9019d9019 00102ddc4070a008b008cGENd2021-10-04l0o301.444/affpSHLIB 00001680r2021-10-04 00:00:00t1w2021-10-04yBOOKS